Départements Limitrophes de La Charente-Maritime - Statistiques

Statistiques générales
  • Ce quiz a été pris 71 fois
  • Le résultat moyen est 5 sur 5
Statistiques - réponses
Départements % Correct
Charente
100%
Gironde
99%
Vendée
96%
Deux-Sèvres
93%
Dordogne
91%
Aucun quiz correspondant
Distribution des résultats
% des personnes avec chaque résultat
Percentile par nombre de réponses
Votre historique - résultats
Vous n’avez pas pris ce quiz